| 000 | 00631nam a2200217Ia 4500 | ||
|---|---|---|---|
| 005 | 20241129111441.0 | ||
| 008 | 241129s9999||||xx |||||||||||||| ||und|| | ||
| 020 | _a93-89455-40-5 | ||
| 037 | _aTB | ||
| 040 |
_aCRL _beng _cCRL |
||
| 041 |
_aurd _2urd |
||
| 084 |
_aO168,4x Q9.1-.3 _qCRL |
||
| 100 |
_aNarang Gopi Chand Au. _9171274 |
||
| 245 | 0 |
_aMashaheer ke khutoot: Gopi Chand Narang ke naam _cNarang Gopi Chand Au. |
|
| 260 |
_aDelhi, India _bArshia Publications _c2020 |
||
| 300 | _a586p. | ||
| 365 |
_aINR _b650 |
||
| 650 | _aUrdu Literature | ||
| 942 |
_cTB _hO168,4x Q9.1-.3 |
||
| 999 |
_c1230529 _d1230529 |
||